On homologous recombination in aspergillus nidulans
Content: general introduction; analysis of meiotic recombination in maize, alnalysis of mitotic recombants.
Tallennettuna:
| Päätekijä: | |
|---|---|
| Aineistotyyppi: | Kirja |
| Kieli: | Undetermined |
| Julkaistu: |
Wageningen
Proefschrift
1998
|
| Aiheet: | |
| Tagit: |
Lisää tagi
Ei tageja, Lisää ensimmäinen tagi!
|
| Thư viện lưu trữ: | Trung tâm Học liệu Trường Đại học Cần Thơ |
|---|
| LEADER | 00704nam a2200205Ia 4500 | ||
|---|---|---|---|
| 001 | CTU_192507 | ||
| 008 | 210402s9999 xx 000 0 und d | ||
| 082 | |a 572.877 | ||
| 082 | |b T439 | ||
| 100 | |a Thijs, Johannes Pieter | ||
| 245 | 0 | |a On homologous recombination in aspergillus nidulans | |
| 245 | 0 | |c Johannes Pieter Thijs | |
| 260 | |a Wageningen | ||
| 260 | |b Proefschrift | ||
| 260 | |c 1998 | ||
| 520 | |a Content: general introduction; analysis of meiotic recombination in maize, alnalysis of mitotic recombants. | ||
| 650 | |a Gene targeting,Di truyền tiến hóa | ||
| 650 | |x Research,Nghiên cứu | ||
| 904 | |i Tuyến | ||
| 980 | |a Trung tâm Học liệu Trường Đại học Cần Thơ | ||